Normal view
MARC view
- Behrendt, Kurt A.,
Entry Personal Name
001 - CONTROL NUMBER
- control field: 6688
003 - CONTROL NUMBER IDENTIFIER
- control field: NUST
005 - DATE AND TIME OF LATEST TRANSACTION
- control field: 20171123093306.0
008 - FIXED-LENGTH DATA ELEMENTS
- fixed length control field: 171123|| aca||aabn | a|a d
040 ## - CATALOGING SOURCE
- Original cataloging agency: NUST
- Transcribing agency: NUST
100 ## - HEADING--PERSONAL NAME
- Personal name: Behrendt, Kurt A.,
- Dates associated with a name: 1964-
670 ## - SOURCE DATA FOUND
- Source citation: Work cat.: (NUST)0: Metropolitan Museum of Art (New York, N.Y.) 6683, The art of Gandhara in the Metropolitan Museum of Art /, 2007.
